=LDR 00000nam 2200000 4500 =001 INLIS000000000007596 =005 20200228014303 =035 ##$$a 0010-061300000007596 =008 200228################g##########0#ind## =041 ##$$a Ind =082 ##$$a 142.7 =090 ##$$a 142.7, Ala a =100 ##$$a Brouwer, Maw =245 1#$$a Alam manusia dalam fenomenologi /$c Maw Brouwer =260 ##$$a Jakarta :$b Gramedia,$c 1988 =300 ##$$a xiii, 289 hlm ; $c 20,5 x 13,5 cm =650 #4$$a Fenomenologi =084 ##$$a 142.7 BRO a =990 ##$$a 28.841/Pro.88 =990 ##$$a 28.839/Pro.88 =990 ##$$a 28.840/Pro.88 =990 ##$$a 28.842/Pro.88 =990 ##$$a 28.842/Pro.88 =990 ##$$a 28.841/Pro.88 =990 ##$$a 28.839/Pro.88 =990 ##$$a 28.840/Pro.88